00558nam a22001817a 450000500170000001000150001702000260003203500130005803700130007108200120008410000270009624500820012325000110020526000300021627000840024630000270033050000190035720160112111549.0 aENG-114401 a9789351435860c695.00 aEN-97933 bDBAD/PUB a658.816 aBilaney. Sunny Kishore aProfessional's guide to domestic transfer pricing /cby Sunny Kishore Bilaney a2nd ed aGurgaonbLexisNexisc2015 a14th Floor, Building No.10, Tower-B, DLF Cyber City, Phase-II bGurgaone122002 axxvii,233p.c24cm(pbk) aIncludes index